Mathematical programming in statistics
Gespeichert in:
| Hauptverfasser: | , |
|---|---|
| Format: | Buch |
| Sprache: | Englisch |
| Veröffentlicht: |
Nueva York
John Wiley and Sons
1981
|
| Schriftenreihe: | Wiley Series in Probability and Mathematical Statistics
|
| Schlagworte: | |
| Tags: |
Tag hinzufügen
Keine Tags, Fügen Sie den ersten Tag hinzu!
|
MARC
| LEADER | 00000nam a2200000 a 4500 | ||
|---|---|---|---|
| 001 | UCP1367 | ||
| 003 | CL-VaPUC | ||
| 008 | 990409e19810000US |||||||||||||||||eng|d | ||
| 082 | 0 | 4 | |a 519.5 |b ART |2 21 |
| 100 | 0 | |a Arthanari, T. S |e author |9 427375 | |
| 700 | 0 | |a Dodge, Yadolah |e author |9 427376 | |
| 245 | 1 | 0 | |a Mathematical programming in statistics |
| 300 | |a 413 p | ||
| 942 | |c BK | ||
| 945 | |d 19990409 00:00:00 |a crobeson | ||
| 260 | |a Nueva York |b John Wiley and Sons |c 1981 | ||
| 650 | 0 | |a Estadística matemática |9 260028 | |
| 650 | 0 | |a Análisis de regresión |9 263763 | |
| 650 | 0 | |a Modelos lineales |9 270494 | |
| 650 | 7 | |a PRUEBAS DE HIPOTESIS |2 CL-VaPUC |9 424773 | |
| 650 | 0 | |a Muestreo |9 270457 | |
| 583 | |a last modification |c 19990409 00:00:00 |k Rodrigo Vera | ||
| 490 | 0 | |a Wiley Series in Probability and Mathematical Statistics | |
| 999 | |c 280049 |d 280047 | ||
| 952 | |0 0 |1 0 |4 0 |6 519_500000000000000_ART_1981 |7 0 |8 A |9 320036 |a BIBGIM |b BIBGIM |d 2019-11-20 |i 1340034 |o 519.5 ART 1981 |p 1340034 |r 2025-01-15 |w 2019-11-20 |y BK |k EST | ||
| 952 | |0 0 |1 0 |4 0 |6 519_500000000000000_ART_1981 |7 0 |8 A |9 320037 |a BIBGIM |b BIBGIM |d 2019-11-20 |i 1340042 |o 519.5 ART 1981 |p 1340042 |r 2025-01-15 |w 2019-11-20 |y BK |k EST | ||